Avenues to beauty : (Record no. 66561)

MARC details
000 -LEADER
fixed length control field 01177nam a22003017a 4500
005 - DATE AND TIME OF LATEST TRANSACTION
control field 20120514111519.0
008 - FIXED-LENGTH DATA ELEMENTS--GENERAL INFORMATION
fixed length control field 120514t xxu||||| |||| 00| 0 eng d
010 ## - LCCN (DPL NO)
LC control number ENG-105256
020 ## - INTERNATIONAL STANDARD BOOK NUMBER
International Standard Book Number 9788124605332
Terms of availability 580.00
020 ## - INTERNATIONAL STANDARD BOOK NUMBER
International Standard Book Number 8124605335
Terms of availability 580.00
035 ## - SYSTEM CONTROL NUMBER
System control number EN-88789
037 ## - SOURCE OF ACQUISITION
Source of stock number/acquisition DBAD/PUB
040 ## - CATALOGING SOURCE
Original cataloging agency DPL
Language of cataloging Eng
082 ## - DEWEY DECIMAL CLASSIFICATION NUMBER
Classification number 701.17
100 ## - MAIN ENTRY--PERSONAL NAME
9 (RLIN) 46773
Personal name Saxena, S.K.
245 ## - TITLE STATEMENT
Title Avenues to beauty :
Statement of responsibility, etc by S.K. Saxena
Remainder of title eight essays in aesthetics /
260 ## - PUBLICATION, DISTRIBUTION, ETC. (IMPRINT)
Place of publication, distribution, etc New Delhi
Name of publisher, distributor, etc Sangeet Natak Akademi
-- D.K. Printworld
Date of publication, distribution, etc 2009
270 ## - ADDRESS
Address 'Srikunj', F-52, Bali Nagar, Ramesh Nagar Metro Station
City New Delhi
Postal code 15
300 ## - PHYSICAL DESCRIPTION
Extent viii, 243 p
Dimensions 23cm(Hb)
500 ## - GENERAL NOTE
General note Essays; previously published.
500 ## - GENERAL NOTE
General note Includes bibliographical references (p. [233]-237) and indexes
650 ## - SUBJECT ADDED ENTRY--TOPICAL TERM
Topical term or geographic name as entry element Aesthetics.
9 (RLIN) 47047
650 ## - SUBJECT ADDED ENTRY--TOPICAL TERM
Topical term or geographic name as entry element Aesthetics, Indic.
9 (RLIN) 47048
650 ## - SUBJECT ADDED ENTRY--TOPICAL TERM
Topical term or geographic name as entry element Hindustani music
General subdivision Philosophy and aesthetics
9 (RLIN) 47049
710 ## - ADDED ENTRY--CORPORATE NAME
Corporate name or jurisdiction name as entry element Sangeet Natak Akademi.
9 (RLIN) 47050
942 ## - ADDED ENTRY ELEMENTS (KOHA)
Source of classification or shelving scheme Dewey Decimal Classification
Item type English Books
Classification part 701.17
Call number suffix SAX
Holdings
Withdrawn status Lost status Source of classification or shelving scheme Damaged status Not for loan Collection code Home library Current library Date acquired Source of acquisition Cost, normal purchase price Total Checkouts Full call number Barcode Date last seen Copy number Cost, replacement price Koha item type
    Dewey Decimal Classification   Not For Loan Non-fiction D.B.Act.Division D.B.Act.Division 14/05/2012 DBAD/PUB 580.00   701.17 SAX EN-88789 14/05/2012 1 580.00 English Books

© Delhi Public Library
Hit Counter
free hit counter